<?xml version="1.0" encoding="UTF-8"?>
<record
    xmlns:xsi="http://www.w3.org/2001/XMLSchema-instance"
    xsi:schemaLocation="http://www.loc.gov/MARC21/slim http://www.loc.gov/standards/marcxml/schema/MARC21slim.xsd"
    xmlns="http://www.loc.gov/MARC21/slim">

  <leader>01205cam a2200253 i 4500</leader>
  <controlfield tag="001">BRCA_9173</controlfield>
  <controlfield tag="003">FranzMayer</controlfield>
  <controlfield tag="005">20220809131701.0</controlfield>
  <controlfield tag="008">220809b        |||||||| |||| 00| 0 eng d</controlfield>
  <datafield tag="020" ind1=" " ind2=" ">
    <subfield code="a">9780806168623</subfield>
    <subfield code="q">(pasta dura)</subfield>
  </datafield>
  <datafield tag="040" ind1=" " ind2=" ">
    <subfield code="b">spa</subfield>
    <subfield code="c">MFM</subfield>
  </datafield>
  <datafield tag="050" ind1="0" ind2="0">
    <subfield code="a">F1407</subfield>
    <subfield code="b">.C225 2021</subfield>
  </datafield>
  <datafield tag="245" ind1="0" ind2="0">
    <subfield code="a">Cacicas :</subfield>
    <subfield code="b">the indigenous women leaders of Spanish America, 1492-1825 /</subfield>
    <subfield code="c">editado por Margarita R. Ochoa y Sara Vicu&#xF1;a Guengerich.</subfield>
  </datafield>
  <datafield tag="264" ind1=" " ind2="1">
    <subfield code="a">Norman :</subfield>
    <subfield code="b">University of Oklahoma Press,</subfield>
    <subfield code="c">[2021]</subfield>
  </datafield>
  <datafield tag="300" ind1=" " ind2=" ">
    <subfield code="a">ix, 333 p. :</subfield>
    <subfield code="b">ilustraciones, mapas ;</subfield>
    <subfield code="c">24 cm</subfield>
  </datafield>
  <datafield tag="500" ind1=" " ind2=" ">
    <subfield code="a">Ubicaci&#xF3;n: L59-N5</subfield>
  </datafield>
  <datafield tag="504" ind1=" " ind2=" ">
    <subfield code="a">Incluye referencias bibliogr&#xE1;ficas (p&#xE1;ginas 291-321) e &#xED;ndice.</subfield>
  </datafield>
  <datafield tag="520" ind1=" " ind2=" ">
    <subfield code="a">"Este volumen muestra a las cacicas coloniales como sujetos hist&#xF3;ricos que construyeron su conciencia en torno a su lugar, ya sea simb&#xF3;lico o geogr&#xE1;fico, y articularon sus propias identidades &#xFA;nicas".</subfield>
    <subfield code="c">Proporcionado por el editor.</subfield>
  </datafield>
  <datafield tag="650" ind1=" " ind2="0">
    <subfield code="a">Minor&#xED;a de Mujeres</subfield>
    <subfield code="z">Am&#xE9;rica Latina</subfield>
    <subfield code="v">Biograf&#xED;a</subfield>
    <subfield code="9">28362</subfield>
  </datafield>
  <datafield tag="651" ind1=" " ind2="0">
    <subfield code="a">Am&#xE9;rica Latina</subfield>
    <subfield code="x">Historia</subfield>
    <subfield code="y">Hasta 1830</subfield>
    <subfield code="v">Biograf&#xED;a</subfield>
    <subfield code="9">28363</subfield>
  </datafield>
  <datafield tag="700" ind1="1" ind2=" ">
    <subfield code="a">Ochoa, Margarita R.,</subfield>
    <subfield code="e">editor.</subfield>
    <subfield code="9">28364</subfield>
  </datafield>
  <datafield tag="700" ind1="1" ind2=" ">
    <subfield code="a">Guengerich, Sara V.,</subfield>
    <subfield code="d">1975-</subfield>
    <subfield code="e">editor.</subfield>
    <subfield code="9">28365</subfield>
  </datafield>
  <datafield tag="942" ind1=" " ind2=" ">
    <subfield code="2">lcc</subfield>
    <subfield code="c">B</subfield>
  </datafield>
  <datafield tag="999" ind1=" " ind2=" ">
    <subfield code="c">10792</subfield>
    <subfield code="d">10792</subfield>
  </datafield>
  <datafield tag="952" ind1=" " ind2=" ">
    <subfield code="0">0</subfield>
    <subfield code="1">0</subfield>
    <subfield code="2">lcc</subfield>
    <subfield code="4">0</subfield>
    <subfield code="7">0</subfield>
    <subfield code="a">BRCA</subfield>
    <subfield code="b">BRCA</subfield>
    <subfield code="d">2022-06-27</subfield>
    <subfield code="l">0</subfield>
    <subfield code="o">F1407 .C225 2021</subfield>
    <subfield code="p">CONT9945</subfield>
    <subfield code="r">2022-06-27 00:00:00</subfield>
    <subfield code="t">1</subfield>
    <subfield code="w">2022-06-27</subfield>
    <subfield code="y">B</subfield>
  </datafield>
</record>
